Massachusetts Municipalities - Map Quiz - Statistics

General Stats
  • This quiz has been taken 176 times
  • The average score is 138 of 351
Answers on the Map
Answers color-coded by a green-red scale on the quiz's map according to % correct below.
 
Answer Stats
Answer % Correct
Boston
66%
Provincetown
60%
Adams
57%
Nantucket
57%
Springfield
56%
Brookline
54%
North Adams
54%
Plymouth
54%
Quincy
54%
Nahant
53%
Williamstown
53%
Marblehead
51%
Northampton
51%
Pittsfield
51%
Amesbury
50%
Barnstable
50%
Cambridge
50%
Mount Washington
50%
Winthrop
50%
Amherst
49%
Easthampton
49%
Fall River
49%
Gloucester
49%
Hadley
49%
Hull
49%
Newton
49%
Rockport
49%
Salem
49%
Southampton
49%
Truro
49%
Westhampton
49%
Holyoke
47%
Manchester-by-the-Sea
47%
Newbury
47%
Newburyport
47%
Scituate
47%
Swampscott
47%
Tisbury
47%
West Springfield
47%
Worcester
47%
Braintree
46%
Essex
46%
Ipswich
46%
Lynn
46%
Milton
46%
Oak Bluffs
46%
Revere
46%
West Tisbury
46%
Agawam
44%
Andover
44%
Aquinnah
44%
Attleboro
44%
Bourne
44%
Chatham
44%
Cohasset
44%
Falmouth
44%
Gosnold
44%
Lawrence
44%
Lowell
44%
Monroe
44%
Needham
44%
New Bedford
44%
New Salem
44%
North Attleborough
44%
Norwood
44%
Peabody
44%
Richmond
44%
Salisbury
44%
Sandwich
44%
Wenham
44%
West Newbury
44%
Arlington
43%
Beverly
43%
Chelsea
43%
Chicopee
43%
Chilmark
43%
Dracut
43%
East Bridgewater
43%
Maynard
43%
Merrimac
43%
Methuen
43%
North Andover
43%
Orange
43%
Orleans
43%
Randolph
43%
Saugus
43%
Sheffield
43%
South Hadley
43%
Waltham
43%
Wellfleet
43%
Weymouth
43%
Abington
41%
Alford
41%
Belchertown
41%
Belmont
41%
Billerica
41%
Bridgewater
41%
Clarksburg
41%
Dedham
41%
Duxbury
41%
Eastham
41%
Edgartown
41%
Erving
41%
Florida
41%
Framingham
41%
Hancock
41%
Haverhill
41%
Hingham
41%
Marlborough
41%
Middleborough
41%
North Reading
41%
Reading
41%
Rowe
41%
Southwick
41%
Watertown
41%
Wellesley
41%
West Bridgewater
41%
Weston
41%
West Stockbridge
41%
Bellingham
40%
Brewster
40%
Colrain
40%
Dalton
40%
Dartmouth
40%
Dennis
40%
East Longmeadow
40%
Egremont
40%
Everett
40%
Franklin
40%
Granby
40%
Greenfield
40%
Groveland
40%
Hatfield
40%
Heath
40%
Lee
40%
Lenox
40%
Lexington
40%
Longmeadow
40%
Lynnfield
40%
Marshfield
40%
Melrose
40%
Montague
40%
Natick
40%
New Ashford
40%
New Marlborough
40%
Northfield
40%
Norwell
40%
Pelham
40%
Pepperell
40%
Seekonk
40%
Shelburne
40%
Somerville
40%
Southborough
40%
Westborough
40%
Westwood
40%
Wrentham
40%
Yarmouth
40%
Athol
38%
Avon
38%
Blackstone
38%
Canton
38%
Charlemont
38%
Cheshire
38%
Danvers
38%
Deerfield
38%
Dunstable
38%
Georgetown
38%
Great Barrington
38%
Hamilton
38%
Harwich
38%
Huntington
38%
Lakeville
38%
Leominster
38%
Leyden
38%
Lincoln
38%
Ludlow
38%
Malden
38%
Mashpee
38%
Monson
38%
Montgomery
38%
Northborough
38%
Palmer
38%
Plympton
38%
Rehoboth
38%
Rowley
38%
Sandisfield
38%
Shrewsbury
38%
Stockbridge
38%
Stoneham
38%
Taunton
38%
Topsfield
38%
Wakefield
38%
Warwick
38%
Washington
38%
Westport
38%
Wilbraham
38%
Winchendon
38%
Woburn
38%
Acushnet
37%
Ashfield
37%
Bernardston
37%
Boxford
37%
Boylston
37%
Brockton
37%
Buckland
37%
Burlington
37%
Carver
37%
Chelmsford
37%
Concord
37%
Cummington
37%
Foxborough
37%
Gill
37%
Hampden
37%
Hopedale
37%
Hudson
37%
Kingston
37%
Lanesborough
37%
Medford
37%
Millville
37%
Norfolk
37%
Norton
37%
Pembroke
37%
Petersham
37%
Rochester
37%
Rockland
37%
Savoy
37%
Sharon
37%
Somerset
37%
Sudbury
37%
Sunderland
37%
Townsend
37%
Tyngsborough
37%
Wales
37%
Ware
37%
Wareham
37%
Wayland
37%
Wendell
37%
West Boylston
37%
Westfield
37%
Whitman
37%
Acton
35%
Ashburnham
35%
Ashland
35%
Barre
35%
Becket
35%
Bedford
35%
Bolton
35%
Brimfield
35%
Chesterfield
35%
Conway
35%
Fairhaven
35%
Fitchburg
35%
Goshen
35%
Grafton
35%
Granville
35%
Groton
35%
Holbrook
35%
Holland
35%
Littleton
35%
Lunenburg
35%
Mattapoisett
35%
Medfield
35%
Middleton
35%
Milford
35%
Northbridge
35%
Otis
35%
Peru
35%
Phillipston
35%
Plainfield
35%
Plainville
35%
Raynham
35%
Royalston
35%
Russell
35%
Rutland
35%
Shutesbury
35%
Stoughton
35%
Stow
35%
Tewksbury
35%
Tolland
35%
Upton
35%
Whately
35%
Windsor
35%
Ashby
34%
Ayer
34%
Blandford
34%
Boxborough
34%
Carlisle
34%
Clinton
34%
Douglas
34%
East Brookfield
34%
Easton
34%
Freetown
34%
Gardner
34%
Halifax
34%
Hanover
34%
Harvard
34%
Hawley
34%
Hinsdale
34%
Holden
34%
Hopkinton
34%
Leicester
34%
Leverett
34%
Mansfield
34%
Mendon
34%
Middlefield
34%
Millbury
34%
Monterey
34%
Southbridge
34%
Uxbridge
34%
Walpole
34%
Webster
34%
West Brookfield
34%
Westford
34%
Williamsburg
34%
Winchester
34%
Worthington
34%
Auburn
32%
Berlin
32%
Brookfield
32%
Chester
32%
Dighton
32%
Dover
32%
Hardwick
32%
Hubbardston
32%
Lancaster
32%
Marion
32%
Medway
32%
Millis
32%
New Braintree
32%
North Brookfield
32%
Oakham
32%
Princeton
32%
Spencer
32%
Sutton
32%
Swansea
32%
Berkley
31%
Charlton
31%
Holliston
31%
Paxton
31%
Sherborn
31%
Shirley
31%
Sterling
31%
Templeton
31%
Tyringham
31%
Westminster
31%
Wilmington
31%
Dudley
29%
Hanson
29%
Oxford
29%
Sturbridge
29%
Warren
29%
No matching quizzes found
Score Distribution
Percent of People with Each Score
Percentile by Number Answered
Your Score History
You have not taken this quiz